Countries with the Highest GDP Growth in 2020 - Statistics

General Stats
  • This quiz has been taken 46 times
  • The average score is 7 of 20
Answer Stats
Change Country % Correct
$ 490,349 mil China
92%
$ 11,065 mil Vietnam
62%
$ 59,540 mil Egypt
51%
$ 26,964 mil Iran
51%
$ 15,243 mil Bangladesh
41%
$ 2,249 mil Myanmar
36%
$ 1,249 mil Uganda
36%
$ 2,792 mil Ethiopia
33%
$ 5,638 mil Kenya
33%
$ 1,468 mil Nepal
33%
$ 3,313 mil Tanzania
28%
$ 2,755 mil Turkmenistan
28%
$ 2,921 mil Côte d'Ivoire
26%
$ 1,632 mil Guyana
26%
$ 830 mil Senegal
26%
$ 1,850 mil Uzbekistan
26%
$ 667 mil Malawi
18%
$ 3,043 mil Switzerland
18%
$ 900 mil Benin
15%
$ 839 mil Lithuania
3%
No matching quizzes found
Score Distribution
Percent of People with Each Score
Percentile by Number Answered
Your Score History
You have not taken this quiz